Normal view
MARC view
- Orwell, G
Entry Personal Name
001 - CONTROL NUMBER
- control field: 5892
003 - CONTROL NUMBER IDENTIFIER
- control field: OSt
005 - DATE AND TIME OF LATEST TRANSACTION
- control field: 20180208093327.0
008 - FIXED-LENGTH DATA ELEMENTS
- fixed length control field: 180208|| aca||aabn | a|a d
040 ## - CATALOGING SOURCE
- Original cataloging agency: OSt
- Transcribing agency: OSt
100 ## - HEADING--PERSONAL NAME
- Personal name: Orwell, G
670 ## - SOURCE DATA FOUND
- Source citation: Work cat.: (OSt): Orwell, G, Animal form a fairy stay, 2011